Wheel of Time Aes Sedai - Known Members of the Black Ajah - Statistics

General Stats
  • This quiz has been taken 146 times
  • The average score is 27 of 47
Answer Stats
Answer % Correct
Verin Mathwin
100%
Alviarin Freidhen
93%
Galina Casban
90%
Liandrin Guirale
90%
Sheriam Bayanar
87%
Chesmal Emry
83%
Delana Mosalaine
80%
Katerine Alruddin
80%
Asne Zeramene
77%
Amico Nagoyin
73%
Joiya Byir
73%
Marillin Gemalphin
73%
Talene Minly
70%
Duhara Basaheen
67%
Eldrith Jhondar
67%
Elza Penfell
67%
Falion Bhoda
67%
Ispan Shefar
67%
Moria Karentanis
67%
Rianna Andomeran
67%
Temaile Kinderode
67%
Careane Fransi
63%
Jeaine Caide
63%
Merean Redhill
63%
Berylla Naron
60%
Jarna Malari
60%
Marris Thornhill
57%
Velina Behar
53%
Atuan Larisett
50%
Evanellein Lorn
47%
Chai Rugan
43%
Larissa Lyndel
43%
Miyasi
43%
Notori
43%
Sedore Dajenna
43%
Zanica
43%
Dagdara Finchey
40%
Fera Sormen
40%
Nesita
40%
Talva
37%
Birlen Pena
33%
Karale Sanghir
30%
Melvara
30%
Mestra
30%
Ramola
30%
Nalaene Forrell
27%
Nacelle Kayama
23%
No matching quizzes found
Score Distribution
Percent of People with Each Score
Percentile by Number Answered
Your Score History
You have not taken this quiz